La Ética : (Registro nro. 77721)

Detalles MARC
000 -LEADER
fixed length control field 00914nam a22002417a 4500
005 - DATE AND TIME OF LATEST TRANSACTION
control field 20150605091514.0
008 - FIXED-LENGTH DATA ELEMENTS--GENERAL INFORMATION
fixed length control field 140902t mx ||||| |||| 00| 0 esp d
020 ## - INTERNATIONAL STANDARD BOOK NUMBER
International Standard Book Number 9681675231
050 04 - LIBRARY OF CONGRESS CALL NUMBER
Classification number BJ1031
Item number B53 2006
100 1# - MAIN ENTRY--PERSONAL NAME
Personal name Blackburn, Pierre
245 13 - TITLE STATEMENT
Title La Ética :
Remainder of title Fundamentos y Problemáticas Contemporáneas /
Statement of responsibility, etc Pierre Blackburn; tr. Juan José Utrilla Trejo.
250 ## - EDITION STATEMENT
Edition statement 1a ed.
260 ## - PUBLICATION, DISTRIBUTION, ETC. (IMPRINT)
Place of publication, distribution, etc México :
Name of publisher, distributor, etc Fondo de Cultura Económica,
Date of publication, distribution, etc 2006.
300 ## - PHYSICAL DESCRIPTION
Extent 447 p. ;
Dimensions 23 cm.
490 0# - SERIES STATEMENT
Series statement Pedagogía y Educación
500 ## - GENERAL NOTE
General note Traduccion de : L'étique Fondements et problématiques
500 ## - GENERAL NOTE
General note Dato tomado de la portada : La Moral Pública en México: escenario para la educación
504 ## - BIBLIOGRAPHY, ETC. NOTE
Bibliography, etc Incluye: Bibliografía p, (417-433) e Indices
650 #7 - SUBJECT ADDED ENTRY--TOPICAL TERM
Source of heading or term Lemb
Topical term or geographic name as entry element Ética
General subdivision Filosofía
650 #7 - SUBJECT ADDED ENTRY--TOPICAL TERM
Source of heading or term Lemb
Topical term or geographic name as entry element Ética
General subdivision Pedagogía
700 1# - ADDED ENTRY--PERSONAL NAME
Personal name Utrilla Trejo, Juan José,
Relator term tr.
942 ## - ADDED ENTRY ELEMENTS (KOHA)
Source of classification or shelving scheme Biblioteca del Cogreso de los Estados Unidos
Koha item type Libro
Existencias
Estado de pérdida Fuente de clasificación Estado del daño No para préstamo Ubicación permanente Ubicación actual Apartado o colección Fecha de adquisición Área del conocimiento Clasificación Código de Barras Date last seen Número de copia Tipo de recurso Fuente de adquisición Edición
  Biblioteca del Cogreso de los Estados Unidos     Biblioteca de la Facultad de Filosofía Biblioteca de la Facultad de Filosofía General 02/09/2014   BJ 1031 B53 2006 BFF000007760 16/01/2015 C: 1 Libro    
  Biblioteca del Cogreso de los Estados Unidos     Biblioteca de la Facultad de Filosofía Biblioteca de la Facultad de Filosofía General 02/09/2014   BJ 1031 B53 2006 BFF000007761 16/01/2015 C: 2 Libro    
  Biblioteca del Cogreso de los Estados Unidos     Biblioteca de la Facultad de Filosofía Biblioteca de la Facultad de Filosofía General 07/07/2016 Educación y Humanidades BJ1031 B53 2006 BFF000016183 07/07/2016 3 Libro   1a ed.
  Biblioteca del Cogreso de los Estados Unidos     Biblioteca del Instituto de Investigaciones Económicas y Empresariales Biblioteca del Instituto de Investigaciones Económicas y Empresariales General 05/06/2015 Educación y Humanidades BJ1031 B53 2006 IIE000003174 05/06/2015 C:1 Libro Unidad Académica 1a. ed.